000 00534 a2200181 4500
001 OJ-filigrane-87
003 FrMaCLE
005 20251214085449.0
007 cu ||||||m||||
008 241016e||||||||xx |||||s|||||||||0|fr|d
024 7 _a10.4000/12ib2
_2doi
040 _aFR-FrMaCLE
100 1 _aCaullier, Joëlle
245 1 0 _aTraces d’invisible.
260 _c2024
540 _aCC-BY-NC-ND-4.0
_uhttps://creativecommons.org/licenses/by-nc-nd/4.0/
856 4 _uhttps://journals.openedition.org/filigrane/87
_yTraces d’invisible
999 _c21063
_d21063